The Caribbean and the European Union

Enregistré dans:
Détails bibliographiques
Collectivité auteur: European Commission
Format: Livre
Langue:anglais
Publié: Luxembourg Office for Official Publications of the European Communities 2002
Collection:Development
Sujets:
Tags: Ajouter un tag
Pas de tags, Soyez le premier à ajouter un tag!

MARC

LEADER 00000nam$a2200000$$$4500
001 0056460
005 20240318114733.9
020 |a 92-894-3636-0 
041 0 |a eng 
044 |a LU 
245 1 0 |a The Caribbean and the European Union 
264 1 |a Luxembourg  |b Office for Official Publications of the European Communities  |c 2002 
300 |a 48 s. 
490 1 |a Development 
830 0 |a Development 
610 2 0 |a spolupráca hospodárska medzinárodná 
610 2 0 |a vzťahy hospodárske medzinárodné 
610 2 0 |a Európska únia 
610 2 0 |a Karibská oblasť 
610 2 0 |a pomoc hospodárska 
610 2 0 |a rozvoj hospodársky 
710 2 |a European Commission